Encíclica vigilanti cura, 29 de junio de 1936, acerca de los espectáculos cinematográficos

Guardat en:
Dades bibliogràfiques
Autor principal: Pío XI (Autor)
Format: Llibre
Idioma:espanyol
Publicat: Buenos Aires Difusión 1951
Col·lecció:Colección Encíclicas Papales
Matèries:
Etiquetes: Afegir etiqueta
Sense etiquetes, Sigues el primer a etiquetar aquest registre!

MARC

LEADER 00000nam a2200000 a 4500
001 UCL3067
003 CL-VaPUC
008 031114e19510507AG |||||||||||||||||spa|d
082 0 4 |a 262.91  |b PIO  |2 21 
100 |a Pío XI  |e author  |9 337270 
245 1 0 |a Encíclica vigilanti cura, 29 de junio de 1936, acerca de los espectáculos cinematográficos 
300 |a 31 p 
942 |c BK 
945 |d 20031114 00:00:00  |a vberengu 
260 |a Buenos Aires  |b Difusión  |c 1951 
650 0 |a Encíclicas  |9 255643 
650 0 |a Documentos pontificios   |9 255642 
583 |a last modification  |c 20031114 00:00:00  |k Rodrigo Vera 
490 0 |a Colección Encíclicas Papales 
999 |c 306202  |d 306200 
952 |0 0  |1 0  |4 0  |6 262_910000000000000_PIO_1951  |7 0  |8 A  |9 371042  |a BIBTEO  |b BIBTEO  |d 2019-11-21  |i 209438K  |o 262.91 PIO 1951  |p 209438K  |r 2025-01-17  |w 2019-11-21  |y BK  |k ICR